000 00587nam a22002297a 4500
003 UA-OsUOA
001 92633
007 ta
008 20121220b un ||||| |||| 00| 0 ukr d
100 _aАйбек
090 _a821.512.133
_bА37
942 _cBK
040 _aUA-OsUOA
_brus
_cUA-OsUOA
_dUA-OsUOA
245 _aНавои
_bроман
300 _a376 с.
955 _a3
041 _arus
080 _a821.512.133
260 _aТашкент
_bЕш гвардия
_c1984
650 7 _a82 Література. Літературознавство
_2UDC
999 _c378828
_d378828